| 000 | 01434cam a2200385 i 4500 | ||
|---|---|---|---|
| 999 |
_c200441574 _d59786 |
||
| 001 | 696278 | ||
| 003 | TR-AnTOB | ||
| 005 | 20221116104153.0 | ||
| 007 | ta | ||
| 008 | 210625s1973 fr bs i000 0 eng d | ||
| 010 | _a73164749 | ||
| 015 | _aF*** | ||
| 020 | _a9264110216 | ||
| 040 |
_aDLC _beng _erda _cDLC _dEEM _dUtOrBLW _dTR-AnTOB |
||
| 041 | 0 | _aeng | |
| 043 |
_amm----- _an-us--- |
||
| 050 | 0 | 0 |
_aHD1714 _b.B47 1973 |
| 090 |
_aTOBBK HD1714 _b.B47 1973 |
||
| 099 | _a627.52 BER 1973 | ||
| 100 | 1 |
_aBergmann, Hellmuth _0http://id.loc.gov/authorities/names/n79067345. _9131064 |
|
| 240 | 1 | 0 |
_aGuide de l'évaluation économique des projets d'irrigation. _lEnglish. |
| 245 | 1 | 0 | _aGuide to the economic evaluation of irrigation projects. |
| 264 | 1 |
_a[Paris] : _bOrganisation for Economic Co-operation and Development, _c[1973] |
|
| 300 |
_a133 pages ; _c24 cm |
||
| 336 |
_atext _btxt _2rdacontent. |
||
| 337 |
_aunmediated _bn _2rdamedia. |
||
| 338 |
_avolume _bnc _2rdacarrier. |
||
| 490 | 1 | _aProblems of development. | |
| 500 | _aTranslation of Guide de l'évaluation économique des projets d'irrigation. | ||
| 650 | 0 |
_aIrrigation projects _xEvaluation _vHandbooks, manuals, etc. _0http://id.loc.gov/authorities/subjects/sh96001747. _9131065 |
|
| 830 | 0 |
_aProblems of development. _0http://id.loc.gov/authorities/names/no93024584. |
|
| 942 |
_2z _cBK |
||